00794nam a2200205Ia 4500001002200000003000900022008004100031040002300072041001300095100002100108240009300129245007200222250001500294260003600309300001900345490002800364500002800392501012400420700004400544128-FAL em me (22538)IT-MiSPE171229s9999||||xx |||||||||||||| ||und|| aIT-MiSPEcIT-MiSPE aITALIANO aEmmanuel Falque  aMétamorphose de la finitude: Essai philosophique sur la naissance et la résurrection 0aMetamorfosi della finitezzabSaggio sulla nascita e la risurrezione a1a ed. (v) aCinisello B.mobSan Paoloc2014 a279 p. c21 cm aUniverso filosofiav108 aAntropologia filosofica aEdizioni San Paolo srl - Piazza Soncino, 5 - 20092 CINISELLO BALSAMO (MI) (non commercial uses only) ® Copyright 2018 aFrancesco Valerio Tommasig(traduzione)